000 00898nim a2200265 i 4500
001 bgj
245 0 0 _aCambridge Proficiency Examination Practice 4 /
_cUniversity of Cambridge Local Examinations Syndicate.
250 _a[Repr.].
260 _aCambridge :
_bCambridge University Press,
_c1992.
300 _aset of 2 audio cassettes.
490 1 _aCambridge Examinations Publishing
650 9 _aEnglish language
_xCPE
650 9 _aEnglish language
_xCPE examinations
650 9 _aEnglish language
_xCPE practice tests
650 9 _aEnglish language
_xProficiency tests
655 _aExaminations, questions, etc.
710 p 0 _aCAMBRIDGE OF UNIVERSITY LOCAL EXAMINATIONS SYNDICATE
830 _aCambridge Examinations Publishing
020 _a052140729X
040 _cBPK
041 0 _aeng
920 _a0-521-40729-X
942 _cTM
008 s uk f |000 0 eng
999 _c50086
_d50086
856 _uhttp://koha.tu.koszalin.pl/cgi-bin/koha/opac-detail.pl?biblionumber=50086
_yKatalog online BPK